000 00612nam a2200169 4500
001 113963
003 ES-MaACL
005 20230906190038.0
007 t|
008 061121s1972 it r ||||1| ita d
100 1 _aPagnin, Beniamino.
_988302
245 1 3 _aIl codice dei `Sermones` di S. Antonio di Padova detto del Tesoro
_b: Studio paleográfico /
_cBeniamino Pagnin.
260 _aPadova (Italia) :
_bBasílica del Santo,
_c[1972?]
300 _a18 p. 2 láms. ;
_c24 cm.
500 _aEs tirada aparte de : `Il Santo`, Anno XII, fasc, 1-2- gennaio-agosto 1972.
852 _aES-MaACL
_j2133-F-29
_bR.106195
999 _c113963
_d113963